000 00299nam a2200109 a 4500
005 20140408090020.0
008 030603s19uu xx 00 eng d
050 _aPHS '00
_bT15 #43b
100 _aTan, Charles Cedric
245 _aPerception and effects of pornography among teenagers.
942 _cPASS
999 _c96266
_d96266